Sports Quiz

Random Sports Quiz

LFC Missing Men: Chelsea 2005 Quiz Stats

 Plays Quiz not verified by Sporcle

Score 0/11 Timer 08:00
0 Plays Today
Number Player % Correct
23Jamie Carragher
95.2%
1Jerzy Dudek
94.8%
8Steven Gerrard
94%
5Milan Baros
90.3%
10Luis Garcia
89.4%
3Steve Finnan
83.1%
6John Arne Riise
79.1%
4Sami Hyypia
77.5%
16Dietmar Hamann
67.2%
21Djimi Traore
67.1%
25Igor Biscan
55.4%

You're not logged in!

Compare scores with friends on all Sporcle quizzes.
OR
Log In

Show Comments

Extras

Top Quizzes Today


Score Distribution

Your Account Isn't Verified!

In order to create a playlist on Sporcle, you need to verify the email address you used during registration. Go to your Sporcle Settings to finish the process.

Report this User

Report this user for behavior that violates our Community Guidelines.

Details: